000 00252nam a22000977a 4500
999 _c11787
_d11787
008 200217b ||||| |||| 00| 0 eng d
020 _a9780545219860
100 _aSander Sonia
_97470
245 _aReady for Takeoff
260 _aScholastic
_bScholastic
_c2011